[Event "Sonflow Cup Kolding M1 2025"]
[Site "Kolding"]
[Date "2025.05.02"]
[Round "1.1"]
[White "Rasmussen, Allan Stig"]
[Black "Kistrup, Nicolai"]
[Result "0-1"]
[WhiteElo "2506"]
[BlackElo "2374"]
[WhiteFideId "1406000"]
[BlackFideId "1444816"]
[EventDate "2025.05.02"]
[EventType "swiss"]
[EventRounds "5"]
[EventCountry "DEN"]
[SourceTitle "Live v. Kolding Skak"]

1. c4 c5 2. Nf3 Nf6 3. g3 Nc6 4. Bg2 d5 5. cxd5 Nxd5 6. Nc3 Nc7 7. O-O e5 8. d3 Be7 9. Nd2 O-O 10. Nc4 f6 11. f4 exf4 12. Bxf4 Be6 13. Bxc6 bxc6 14. Qa4 Bd7 15. Rac1 Nd5 16. Ne4 f5 17. Ned2 Nxf4 18. gxf4 Qc7 19. Ne5 Be8 20. Rf2 Rb8 21. Qc4+ Kh8 22. Qc3 Qd6 23. e3 Bf7 24. Ndc4 Qd5 25. b3 Bf6 26. Rg2 Rbe8 27. Qa5 Re7 28. Rd1 Rfe8 29. Rg3 Bh4 30. Rh3 Bf6 31. Rg3 Bh4 32. Rh3 Bf6 33. Rd2 g5 34. Rh6 gxf4 35. Rxf6 Rg8+ 36. Ng6+ Bxg6 37. Qc3 Reg7 38. Rg2 Bh5 0-1

[Event "Sonflow Cup Kolding M1 2025"]
[Site "Kolding"]
[Date "2025.05.02"]
[Round "1.2"]
[White "Ramsdal, Jens Albert"]
[Black "Chatalbashev, Boris"]
[Result "0-1"]
[WhiteElo "2351"]
[BlackElo "2502"]
[WhiteFideId "1429221"]
[BlackFideId "2900440"]
[EventDate "2025.05.02"]
[EventType "swiss"]
[EventRounds "5"]
[EventCountry "DEN"]
[SourceTitle "Live v. Kolding Skak"]

1. Nf3 Nf6 2. e3 g6 3. d4 Bg7 4. Be2 O-O 5. c4 d6 6. O-O Nbd7 7. Nc3 e5 8. Qc2 Re8 9. Rd1 c6 10. b4 exd4 11. Nxd4 Qe7 12. Bb2 Ne5 13. h3 a6 14. Nf3 Bf5 15. Qb3 b5 16. Nxe5 dxe5 17. a4 Be6 18. Ba3 e4 19. Rac1 Rab8 20. Qb1 bxc4 21. Qa2 Nd5 22. Nxe4 Nxb4 23. Qd2 Bd5 24. Nc3 a5 25. Nxd5 cxd5 26. Bxb4 axb4 27. Qxd5 c3 28. Qb3 Rec8 29. Bb5 Rc7 30. Rd3 h5 31. Rcd1 c2 32. Rc1 Rbc8 33. Ba6 Rc3 34. Qd5 b3 0-1

[Event "Sonflow Cup Kolding M1 2025"]
[Site "Kolding"]
[Date "2025.05.02"]
[Round "1.3"]
[White "Olsen, Filip Boe"]
[Black "Kopylov, Michael"]
[Result "1/2-1/2"]
[WhiteElo "2471"]
[BlackElo "2333"]
[WhiteFideId "1440640"]
[BlackFideId "14105080"]
[EventDate "2025.05.02"]
[EventType "swiss"]
[EventRounds "5"]
[EventCountry "DEN"]
[SourceTitle "Live v. Kolding Skak"]

1. d4 d5 2. Nf3 Nf6 3. Bf4 e6 4. e3 c5 5. Nbd2 Nc6 6. c3 Bd6 7. Bg3 Qe7 8. Ne5 Nd7 9. f4 O-O 10. Bb5 Nd8 11. O-O f6 12. Nef3 Nc6 13. Qa4 Nb6 14. Qc2 Qe8 15. Bd3 Qh5 16. Rae1 Bd7 17. Qb1 Rac8 18. b3 Rfd8 19. Rf2 Be8 20. f5 Bxg3 21. hxg3 e5 22. dxc5 Nd7 23. Be2 Nxc5 24. b4 Na4 25. Qb3 Ne7 26. Nxe5 Qg5 27. Nef3 Qxg3 28. c4 Nxf5 29. Nf1 Qd6 30. e4 dxe4 31. c5+ Bf7 32. cxd6 Bxb3 33. axb3 exf3 34. Rxf3 Nd4 35. bxa4 Nxf3+ 36. Bxf3 Rxd6 37. Re7 b6 38. Ne3 g6 39. Rxa7 Rc3 40. Nd5 Ra3 41. Ne7+ Kf8 42. Nc8 Rd4 43. b5 Raxa4 44. Rxh7 Rab4 45. Bc6 g5 46. Nxb6 Rd6 47. Rd7 Re6 48. Rc7 Rd6 49. Nd5 Rb1+ 50. Kh2 f5 51. Rh7 f4 52. Nc3 Rb2 53. Ne4 Rg6 54. Nc5 g4 55. Be4 Rd6 56. Nd3 Re2 57. Rh8+ Kg7 58. Rh7+ Kg8 59. Rh4 g3+ 60. Kh3 Rxe4 61. Rg4+ 1/2-1/2

[Event "Sonflow Cup Kolding M1 2025"]
[Site "Kolding"]
[Date "2025.05.02"]
[Round "1.4"]
[White "Kanov, Nikola Krasimirov"]
[Black "Vinther Schou, Uffe"]
[Result "1-0"]
[WhiteElo "2429"]
[BlackElo "2297"]
[WhiteFideId "2928531"]
[BlackFideId "1400568"]
[EventDate "2025.05.02"]
[EventType "swiss"]
[EventRounds "5"]
[EventCountry "DEN"]
[SourceTitle "Live v. Kolding Skak"]

1. c4 c5 2. Nc3 Nc6 3. g3 g6 4. Bg2 Bg7 5. Nf3 d6 6. O-O e5 7. a3 Nge7 8. Rb1 a5 9. d3 O-O 10. Ne1 Be6 11. Bg5 f6 12. Bd2 Rf7 13. Nc2 d5 14. cxd5 Nxd5 15. Ne3 Nxe3 16. Bxe3 Nd4 17. b4 axb4 18. axb4 Ra3 19. Ne4 cxb4 20. Rxb4 Bf8 21. Rb2 Bd5 22. Bxd4 exd4 23. Qb1 f5 24. Ng5 Rc7 25. Bxd5+ Qxd5 26. Rb5 Bc5 27. Rc1 Rc3 28. Nf3 Qe6 29. Re1 b6 30. Nd2 Rf7 31. Rb2 Rf6 32. Ra2 Kg7 33. Ra7+ Rf7 34. Ra6 g5 35. Qa1 h6 36. Ra8 Kh7 37. Nf3 Qd5 38. Rb1 Re7 39. Ra7 Qe6 40. Rxe7+ Qxe7 41. Qa2 Ra3 42. Qd5 Qf6 43. Ne5 f4 44. Nd7 Qe7 45. Nxc5 1-0

[Event "Sonflow Cup Kolding M1 2025"]
[Site "Kolding"]
[Date "2025.05.02"]
[Round "1.5"]
[White "Bank, Pelle Rodkjaer"]
[Black "Hector, Jonny"]
[Result "0-1"]
[WhiteElo "2275"]
[BlackElo "2410"]
[WhiteFideId "1402889"]
[BlackFideId "1700090"]
[EventDate "2025.05.02"]
[EventType "swiss"]
[EventRounds "5"]
[EventCountry "DEN"]
[SourceTitle "Live v. Kolding Skak"]

1. e4 e5 2. Nf3 Nc6 3. Nc3 Nf6 4. h3 g6 5. d4 exd4 6. Nxd4 Bg7 7. Nxc6 bxc6 8. Bd3 O-O 9. O-O d6 10. Bg5 Qe8 11. f4 Nd7 12. Qd2 Nc5 13. Rae1 Nxd3 14. cxd3 f6 15. Bh4 Qf7 16. f5 g5 17. Bf2 Ba6 18. g4 Rfe8 19. Rc1 c5 20. Rfe1 Bb7 21. Qc2 Rad8 22. Qa4 Re5 23. Qxa7 Bc6 24. Qa6 Qd7 25. Bg3 Ree8 26. Qc4+ Kh8 27. a3 Rb8 28. b4 Bf8 29. Nd5 Bxd5 30. exd5 cxb4 31. axb4 Qa4 32. Re6 Rxe6 33. fxe6 Rxb4 34. Qc3 Be7 35. Qxc7 Rb2 36. Qc6 Qd4+ 37. Kh1 Kg7 38. Rf1 Qxd3 39. Rf2 Rb1+ 40. Kg2 Qe4+ 0-1

[Event "Sonflow Cup Kolding M1 2025"]
[Site "Kolding"]
[Date "2025.05.02"]
[Round "1.6"]
[White "Matthiesen, Martin"]
[Black "Korneev, Oleg"]
[Result "1/2-1/2"]
[WhiteElo "2322"]
[BlackElo "2470"]
[WhiteFideId "1404067"]
[BlackFideId "4156803"]
[EventDate "2025.05.02"]
[EventType "swiss"]
[EventRounds "5"]
[EventCountry "DEN"]
[SourceTitle "Live v. Kolding Skak"]

1. d4 d5 2. c4 c6 3. Nc3 Nf6 4. Nf3 e6 5. Bg5 h6 6. Bxf6 Qxf6 7. e3 Nd7 8. Rc1 g6 9. Bd3 Bg7 10. O-O O-O 11. e4 dxc4 12. e5 Qe7 13. Bxc4 Rd8 14. Qe2 Rb8 15. Ne4 b6 16. Ba6 c5 17. Bxc8 Rbxc8 18. Nd6 Ra8 19. Qe4 cxd4 20. Rc7 Qf8 21. Nb5 Nxe5 22. Nxe5 Bxe5 23. Qxe5 Rd5 24. Qe2 d3 25. Qf3 Rxb5 26. Qxd3 Rxb2 27. Qc4 Qb4 28. Qc6 Rf8 29. Rxa7 Rb1 30. g3 Qb5 31. Qxb5 Rxb5 32. Rd1 Rc8 33. Rdd7 Rf5 34. Rd2 g5 35. Ra6 b5 36. Rb2 g4 37. a4 Rd5 38. axb5 Rc1+ 39. Kg2 Rdd1 40. f3 Rg1+ 41. Kf2 Rgf1+ 42. Ke3 Rfe1+ 43. Kf2 Rf1+ 44. Ke3 Rfe1+ 45. Kf2 Rf1+ 1/2-1/2

[Event "Sonflow Cup Kolding M1 2025"]
[Site "Kolding"]
[Date "2025.05.03"]
[Round "2.1"]
[White "Chatalbashev, Boris"]
[Black "Hector, Jonny"]
[Result "0-1"]
[WhiteElo "2502"]
[BlackElo "2410"]
[WhiteFideId "2900440"]
[BlackFideId "1700090"]
[EventDate "2025.05.02"]
[EventType "swiss"]
[EventRounds "5"]
[EventCountry "DEN"]
[SourceTitle "Live v. Kolding Skak"]

1. d4 d5 2. c4 c6 3. Nf3 Nf6 4. g3 Bf5 5. Nc3 e6 6. Nh4 dxc4 7. Nxf5 exf5 8. e3 Bd6 9. Bxc4 O-O 10. O-O Nbd7 11. a4 Rc8 12. a5 g6 13. Bd2 b5 14. axb6 axb6 15. f3 b5 16. Bd3 Re8 17. Kg2 h5 18. Qb3 b4 19. Ne2 c5 20. Bc4 Re7 21. Ra7 Qb6 22. Ra6 Qb8 23. Rfa1 cxd4 24. exd4 Nb6 25. Bd3 Nfd5 26. R6a5 Rce8 27. Kf2 Qb7 28. Ba6 Qxa6 29. Rxa6 Rxe2+ 30. Kg1 Rxd2 31. Ra8 Bb8 32. R8a5 Re3 33. Qa2 b3 34. Qa3 Ree2 35. Rxd5 Nxd5 36. Qxb3 Rg2+ 37. Kf1 Rdf2+ 0-1

[Event "Sonflow Cup Kolding M1 2025"]
[Site "Kolding"]
[Date "2025.05.03"]
[Round "2.2"]
[White "Kistrup, Nicolai"]
[Black "Kanov, Nikola Krasimirov"]
[Result "1/2-1/2"]
[WhiteElo "2374"]
[BlackElo "2429"]
[WhiteFideId "1444816"]
[BlackFideId "2928531"]
[EventDate "2025.05.02"]
[EventType "swiss"]
[EventRounds "5"]
[EventCountry "DEN"]
[SourceTitle "Live v. Kolding Skak"]

1. e4 e6 2. d4 d5 3. Nc3 Bb4 4. exd5 exd5 5. Bd3 Nf6 6. a3 Bxc3+ 7. bxc3 O-O 8. Ne2 h6 9. O-O Nbd7 10. Ng3 Re8 11. Bf4 Nf8 12. Re1 Rxe1+ 13. Qxe1 Be6 14. Rb1 b6 15. Nf5 c5 16. dxc5 Bxf5 17. Bxf5 bxc5 18. Rb7 g6 19. Bh3 g5 20. Bc7 Qe8 21. Qxe8 Rxe8 22. f3 Ng6 23. Kf2 Kg7 24. Rxa7 h5 25. Bf5 Nh4 26. Bd3 c4 27. Bf1 Nf5 28. a4 Re3 29. Ba5 g4 30. Rb7 h4 31. Rb1 g3+ 32. hxg3 hxg3+ 33. Kg1 Nh5 34. Ra1 Re6 35. Bb4 Nf4 36. a5 Ra6 37. Bc5 f6 38. Bb6 Kf7 39. Re1 Ra8 40. Ra1 Ra6 41. Rb1 Ng7 42. Be3 Nge6 43. Rb7+ Ke8 44. Bb6 f5 45. Rh7 Kf8 46. Rd7 Ke8 47. Rh7 Kf8 48. Rd7 Ke8 1/2-1/2

[Event "Sonflow Cup Kolding M1 2025"]
[Site "Kolding"]
[Date "2025.05.03"]
[Round "2.4"]
[White "Kopylov, Michael"]
[Black "Matthiesen, Martin"]
[Result "1/2-1/2"]
[WhiteElo "2333"]
[BlackElo "2322"]
[WhiteFideId "14105080"]
[BlackFideId "1404067"]
[EventDate "2025.05.02"]
[EventType "swiss"]
[EventRounds "5"]
[EventCountry "DEN"]
[SourceTitle "Live v. Kolding Skak"]

1. d4 Nf6 2. c4 e6 3. g3 d5 4. Bg2 Bb4+ 5. Bd2 Be7 6. Nf3 O-O 7. O-O c6 8. Qc2 Nbd7 9. Bf4 b6 10. cxd5 cxd5 11. Rc1 Bb7 12. Nc3 Rc8 13. Qb3 a6 14. a4 Nh5 15. Bd2 Rc4 16. Na2 Rxc1+ 17. Rxc1 Qb8 18. Bb4 Bxb4 19. Qxb4 Rc8 20. Ne5 Nhf6 21. f4 a5 22. Qe7 Rxc1+ 23. Nxc1 Qf8 24. Qxf8+ Kxf8 25. Ncd3 Ke7 26. Bf3 Nxe5 27. Nxe5 Nd7 28. Nxd7 Kxd7 29. e3 Bc6 30. Bd1 Kd6 1/2-1/2

[Event "Sonflow Cup Kolding M1 2025"]
[Site "Kolding"]
[Date "2025.05.03"]
[Round "2.5"]
[White "Vinther Schou, Uffe"]
[Black "Rasmussen, Allan Stig"]
[Result "0-1"]
[WhiteElo "2297"]
[BlackElo "2506"]
[WhiteFideId "1400568"]
[BlackFideId "1406000"]
[EventDate "2025.05.02"]
[EventType "swiss"]
[EventRounds "5"]
[EventCountry "DEN"]
[SourceTitle "Live v. Kolding Skak"]

1. e4 c6 2. d4 d5 3. exd5 cxd5 4. Bd3 Nc6 5. c3 Qc7 6. h3 e6 7. Nf3 Bd6 8. O-O Nge7 9. Re1 Bd7 10. a4 a6 11. b3 f6 12. c4 O-O 13. Nc3 Rad8 14. Bd2 Kh8 15. Rb1 Bb4 16. Qe2 Bc8 17. c5 e5 18. dxe5 fxe5 19. Nxe5 Bxc5 20. Qh5 Bxf2+ 21. Kh1 Nf5 22. Bf4 Nxe5 23. Rxe5 Qxc3 24. Bxf5 Rxf5 25. Re8+ Rf8 26. Be5 Qd3 27. Bxg7+ Kxg7 28. Qg5+ Qg6 29. Qe7+ Rf7 30. Qe5+ Kh6 0-1

[Event "Sonflow Cup Kolding M1 2025"]
[Site "Kolding"]
[Date "2025.05.03"]
[Round "2.6"]
[White "Bank, Pelle Rodkjaer"]
[Black "Ramsdal, Jens Albert"]
[Result "1-0"]
[WhiteElo "2275"]
[BlackElo "2351"]
[WhiteFideId "1402889"]
[BlackFideId "1429221"]
[EventDate "2025.05.02"]
[EventType "swiss"]
[EventRounds "5"]
[EventCountry "DEN"]
[SourceTitle "Live v. Kolding Skak"]

1. e4 c5 2. Nf3 Nc6 3. Bb5 d6 4. O-O Bd7 5. Re1 a6 6. Bf1 Bg4 7. h3 Bxf3 8. Qxf3 g6 9. Nc3 Bg7 10. a4 Nf6 11. Qd1 O-O 12. g3 Rb8 13. Kh2 Nd4 14. Bg2 b5 15. axb5 axb5 16. Ne2 b4 17. Nxd4 cxd4 18. d3 b3 19. cxb3 Nd7 20. Bd2 Qb6 21. Ra3 Rfc8 22. b4 Rc7 23. Qa4 h5 24. Rea1 Rbc8 25. Qb3 Nb8 26. Kg1 Bf6 27. h4 Kg7 28. Bh3 e6 29. Ra5 Nc6 30. Ra6 Qb7 31. Bg2 Be7 32. b5 Ne5 33. b6 Nd7 34. Qb4 Rc2 35. e5 Qb8 36. b7 Rf8 37. exd6 1-0

[Event "Sonflow Cup Kolding M1 2025"]
[Site "Kolding"]
[Date "2025.05.03"]
[Round "3.1"]
[White "Hector, Jonny"]
[Black "Kistrup, Nicolai"]
[Result "1-0"]
[WhiteElo "2410"]
[BlackElo "2374"]
[WhiteFideId "1700090"]
[BlackFideId "1444816"]
[EventDate "2025.05.02"]
[EventType "swiss"]
[EventRounds "5"]
[EventCountry "DEN"]
[SourceTitle "Live v. Kolding Skak"]

1. e4 e5 2. Nc3 Nf6 3. d4 exd4 4. Qxd4 Nc6 5. Qd3 Bc5 6. Bf4 O-O 7. O-O-O Ng4 8. Nh3 Nxf2 9. Nxf2 Bxf2 10. e5 d6 11. exd6 cxd6 12. Qf3 Bd4 13. Nb5 Be5 14. Nxd6 Be6 15. Nc4 Bxf4+ 16. Qxf4 Qe7 17. Nd6 Rad8 18. Bb5 Rd7 19. Rd2 Rfd8 20. Rhd1 h6 21. h3 a6 22. Bxc6 bxc6 23. c4 a5 24. a4 Rb8 25. Qe5 Qg5 26. Qxg5 hxg5 27. Kc2 c5 28. Kc3 Kf8 29. Ne4 Rxd2 30. Rxd2 Rc8 31. Rd6 Ke7 32. Ra6 Bf5 33. Nd6 1-0

[Event "Sonflow Cup Kolding M1 2025"]
[Site "Kolding"]
[Date "2025.05.03"]
[Round "3.2"]
[White "Kanov, Nikola Krasimirov"]
[Black "Korneev, Oleg"]
[Result "1-0"]
[WhiteElo "2429"]
[BlackElo "2470"]
[WhiteFideId "2928531"]
[BlackFideId "4156803"]
[EventDate "2025.05.02"]
[EventType "swiss"]
[EventRounds "5"]
[EventCountry "DEN"]
[SourceTitle "Live v. Kolding Skak"]

1. e4 e5 2. Nf3 Nc6 3. Bc4 Bc5 4. O-O Nf6 5. d3 a6 6. c3 Ba7 7. a4 d6 8. Re1 h6 9. Nbd2 O-O 10. Nf1 Ne7 11. Ng3 Ng6 12. Bb3 c6 13. h3 d5 14. exd5 Nxd5 15. d4 exd4 16. Nxd4 Re8 17. Rxe8+ Qxe8 18. Bxd5 cxd5 19. Be3 Bd7 20. Ndf5 Bxf5 21. Nxf5 Qe4 22. Ng3 Qc4 23. Bxa7 Rxa7 24. Nf5 Qe4 25. Ne3 Ne7 26. Qb3 d4 27. cxd4 Qxd4 28. Rd1 Qf6 29. Rd8+ Kh7 30. Rd7 Ra8 31. Ng4 Qg5 32. Qxf7 Ng8 33. f4 Qc5+ 34. Kh2 Qf8 35. Qc4 Nf6 36. Qd3+ Kh8 37. Ne5 Qb4 38. Ng6+ Kg8 39. Rd8+ Rxd8 40. Qxd8+ Kh7 41. Nf8+ Kg8 42. Ne6+ Kf7 43. f5 Ne8 44. Nd4 Qe7 45. Qxe7+ Kxe7 46. Kg3 Kd6 47. Kf4 Kd5 48. Ke3 Nd6 49. b3 h5 50. g4 hxg4 51. hxg4 Ne8 52. Ne6 Ke5 53. Nc5 Nf6 54. Nd3+ Kd6 55. g5 Nd5+ 56. Kd4 Ne7 57. Ke4 Nd5 58. Nf4 Ne7 59. Ne6 g6 60. Nd4 a5 61. f6 Nc8 62. Nb5+ Ke6 63. Nc7+ Kd7 64. Nb5 Ke6 65. Nd4+ Kd6 66. Nf3 Ke6 67. Ne5 b5 68. Nxg6 bxa4 69. Nf4+ Kf7 70. bxa4 Nb6 71. Kf5 1-0

[Event "Sonflow Cup Kolding M1 2025"]
[Site "Kolding"]
[Date "2025.05.03"]
[Round "3.3"]
[White "Rasmussen, Allan Stig"]
[Black "Kopylov, Michael"]
[Result "1-0"]
[WhiteElo "2506"]
[BlackElo "2333"]
[WhiteFideId "1406000"]
[BlackFideId "14105080"]
[EventDate "2025.05.02"]
[EventType "swiss"]
[EventRounds "5"]
[EventCountry "DEN"]
[SourceTitle "Live v. Kolding Skak"]

1. c4 e6 2. Nf3 d5 3. g3 Nf6 4. Bg2 Be7 5. O-O O-O 6. d4 dxc4 7. Qa4 a6 8. Qxc4 b5 9. Qc2 Bb7 10. Bd2 Ra7 11. a3 Nbd7 12. Ba5 Qa8 13. b4 Bd6 14. Nbd2 e5 15. Bh3 exd4 16. Nxd4 Be5 17. N2b3 Nb6 18. Rfd1 Re8 19. Nc5 Bd5 20. a4 Nxa4 21. Nxa4 bxa4 22. Rxa4 g6 23. Ra3 Qb7 24. Rc3 Raa8 25. Bf1 Rad8 26. Nc6 Be4 27. Nxd8 Bxc2 28. Nxb7 Bxd1 29. Rc1 Ba4 30. e3 Bb5 31. Nc5 Nd5 32. Nxa6 Bxf1 33. Kxf1 Bd6 34. b5 Ra8 35. e4 Nf6 36. Bxc7 Nxe4 37. b6 Rxa6 38. b7 Bxc7 39. Rxc7 Rb6 40. Rc8+ Kg7 41. b8=Q Rxb8 42. Rxb8 h5 43. f3 Nd6 44. Ke2 Nf5 45. Kd3 Kf6 46. Ke4 Kg5 47. Rb5 Kf6 48. Rxf5+ gxf5+ 49. Kf4 Kg6 50. Ke5 f4 51. Kxf4 Kf6 52. h4 Kg6 53. Ke5 Kg7 54. Kf5 f6 55. Ke6 1-0

[Event "Sonflow Cup Kolding M1 2025"]
[Site "Kolding"]
[Date "2025.05.03"]
[Round "3.4"]
[White "Matthiesen, Martin"]
[Black "Chatalbashev, Boris"]
[Result "0-1"]
[WhiteElo "2322"]
[BlackElo "2502"]
[WhiteFideId "1404067"]
[BlackFideId "2900440"]
[EventDate "2025.05.02"]
[EventType "swiss"]
[EventRounds "5"]
[EventCountry "DEN"]
[SourceTitle "Live v. Kolding Skak"]

1. d4 Nf6 2. c4 g6 3. Nc3 Bg7 4. e4 d6 5. h3 e5 6. d5 a5 7. Be3 Na6 8. Bd3 O-O 9. g4 Nd7 10. Nf3 Ndc5 11. Rg1 c6 12. Qd2 cxd5 13. cxd5 Nxd3+ 14. Qxd3 b6 15. O-O-O Nc5 16. Qc2 Ba6 17. a4 Bc4 18. Bxc5 bxc5 19. Kb1 Rb8 20. Nd2 Ba6 21. Nf3 Rb4 22. Ka1 Qf6 23. Rg3 Bc4 24. g5 Qf4 25. Ne2 Bxe2 0-1

[Event "Sonflow Cup Kolding M1 2025"]
[Site "Kolding"]
[Date "2025.05.03"]
[Round "3.5"]
[White "Olsen, Filip Boe"]
[Black "Bank, Pelle Rodkjaer"]
[Result "0-1"]
[WhiteElo "2471"]
[BlackElo "2275"]
[WhiteFideId "1440640"]
[BlackFideId "1402889"]
[EventDate "2025.05.02"]
[EventType "swiss"]
[EventRounds "5"]
[EventCountry "DEN"]
[SourceTitle "Live v. Kolding Skak"]

1. d4 e6 2. e4 d5 3. Nc3 Nf6 4. e5 Nfd7 5. f4 c5 6. Nf3 Nc6 7. Be3 a6 8. a3 Be7 9. Bd3 b5 10. O-O c4 11. Be2 g6 12. g4 Nb6 13. Qd2 Bd7 14. Nd1 h5 15. h3 a5 16. Ng5 hxg4 17. hxg4 b4 18. Kg2 c3 19. bxc3 bxa3 20. Qe1 Bxg5 21. fxg5 Nc4 22. Bc1 Qe7 23. Qf2 Rh7 24. Qf6 O-O-O 25. Rh1 Rxh1 26. Kxh1 Qxf6 27. gxf6 Na7 28. Bxa3 Nb5 29. Bc5 Bc6 30. Bd3 Rh8+ 31. Kg2 Rh4 32. Nf2 g5 33. Kg3 Nxc3 34. Nh3 Ne3 35. Rxa5 Ne4+ 36. Bxe4 dxe4 37. Nxg5 Rxg4+ 38. Kf2 Nc4 39. Ra7 e3+ 40. Ke2 Rxg5 41. Rxf7 Rg2+ 42. Kd3 Rd2+ 43. Kxc4 e2 44. Rf8+ Kc7 45. Rc8+ Kxc8 46. f7 Rxc2+ 47. Kb3 Rc3+ 0-1

[Event "Sonflow Cup Kolding M1 2025"]
[Site "Kolding"]
[Date "2025.05.03"]
[Round "3.6"]
[White "Ramsdal, Jens Albert"]
[Black "Vinther Schou, Uffe"]
[Result "1/2-1/2"]
[WhiteElo "2351"]
[BlackElo "2297"]
[WhiteFideId "1429221"]
[BlackFideId "1400568"]
[EventDate "2025.05.02"]
[EventType "swiss"]
[EventRounds "5"]
[EventCountry "DEN"]
[SourceTitle "Live v. Kolding Skak"]

1. Nf3 c5 2. e3 g6 3. d4 Bg7 4. Be2 Nf6 5. O-O O-O 6. dxc5 Qa5 7. Qd4 Ne8 8. Qc4 Na6 9. Bd2 Qxc5 10. Qb3 Nec7 11. Bc3 b6 12. Rd1 d6 13. Bd4 Qa5 14. Bxg7 Kxg7 15. c3 Nc5 16. Qc2 Bb7 17. Nbd2 Qa4 18. b3 Qg4 19. h3 Qf5 20. Qxf5 gxf5 21. Nd4 Kf6 22. Bf3 Bxf3 23. N2xf3 b5 24. Rac1 a5 25. Nh4 e6 26. Nhf3 Ra6 27. c4 b4 28. Ne1 Rb6 29. Nd3 N7a6 30. Nb2 Ke7 31. f3 h5 32. h4 Nb8 33. Rd2 Nbd7 34. Rcd1 Ne5 35. Ne2 Ra8 36. Rc1 a4 37. Nxa4 Nxa4 38. bxa4 Nd7 39. Rb1 Rxa4 40. Nf4 Ne5 41. Rc2 Rc6 42. Rbc1 Rc5 43. Nxh5 Ra3 44. Rb1 Rc3 45. Rcb2 Nd3 46. Rd2 R5xc4 47. Rbd1 Rxh4 48. Rxd3 Rxh5 49. Rxd6 Rxe3 50. Rd7+ Kf6 51. Kf2 Ra3 52. R1d2 Rh4 53. Rb7 Kg6 54. Kg3 Rg4+ 55. Kh3 Rc4 56. Kg3 f4+ 57. Kh3 Ra5 58. g3 Rh5+ 59. Kg2 Rg5 60. g4 Rd5 61. Rb2 Rdd4 62. Rb5 f6 63. Rb6 e5 64. Rb7 Rc3 65. R7xb4 Rxb4 66. Rxb4 Rc2+ 67. Kf1 Rxa2 68. Rb8 Rc2 69. Ra8 Kf7 70. Ra7+ Ke6 71. Ra5 Rc8 72. Ra2 Kf7 73. Kg2 Kg6 74. Rb2 Kg5 75. Ra2 Rc5 76. Rb2 e4 77. fxe4 Kxg4 78. Kf2 Rc4 79. Ra2 Rxe4 80. Ra8 f3 81. Rg8+ Kf4 82. Rf8 Re2+ 83. Kf1 f5 84. Ra8 Rb2 85. Rc8 Re2 86. Ra8 Re4 87. Ra7 Kg3 88. Rg7+ Rg4 89. Ra7 Rg8 90. Rb7 f4 91. Ra7 f2 92. Ra3+ Kh2 93. Ra7 Kg3 94. Ra3+ Kg4 95. Kxf2 Rb8 96. Rc3 Rb2+ 97. Kf1 Rh2 98. Kg1 Re2 99. Kf1 Re3 100. Rxe3 fxe3 101. Ke2 Kf4 102. Ke1 Kf3 103. Kf1 e2+ 104. Ke1 1/2-1/2

[Event "Sonflow Cup Kolding M1 2025"]
[Site "Kolding"]
[Date "2025.05.04"]
[Round "4.1"]
[White "Hector, Jonny"]
[Black "Kanov, Nikola Krasimirov"]
[Result "1-0"]
[WhiteElo "2410"]
[BlackElo "2429"]
[WhiteFideId "1700090"]
[BlackFideId "2928531"]
[EventDate "2025.05.02"]
[EventType "swiss"]
[EventRounds "5"]
[EventCountry "DEN"]
[SourceTitle "Live v. Kolding Skak"]

1. e4 e6 2. d4 d5 3. Nc3 Bb4 4. e5 c5 5. Bd2 Ne7 6. a3 Bxc3 7. Bxc3 b6 8. h4 Ba6 9. Bxa6 Nxa6 10. h5 h6 11. Qe2 cxd4 12. Qb5+ Qd7 13. Qxd7+ Kxd7 14. Bxd4 Rhc8 15. O-O-O Nc5 16. Kb1 Nf5 17. Bc3 Na4 18. Be1 Rc7 19. g4 Ne7 20. f3 a5 21. Ne2 b5 22. b3 Nc5 23. Nd4 Rb7 24. Rg1 Nc6 25. Nxc6 Kxc6 26. g5 a4 27. gxh6 gxh6 28. Kb2 Rba7 29. Bb4 Na6 30. Bd6 b4 31. axb4 axb3 32. Ra1 bxc2 33. Rgc1 Rg8 34. Rxc2+ Kb6 35. Ra3 Rd7 36. Rac3 d4 37. Rd3 Rxd6 38. exd6 e5 39. f4 f6 40. Kb3 Nb8 41. Rc7 Nc6 42. Kc4 Rd8 43. b5 Na7 44. Rxa7 Kxa7 45. fxe5 fxe5 46. Kd5 Kb6 47. Rd1 Re8 48. d7 Rd8 49. Kd6 Kxb5 50. Re1 d3 51. Rxe5+ Kc4 52. Re1 d2 53. Rh1 Rg8 54. Kc7 Rg7 55. Kc8 Kd5 1-0

[Event "Sonflow Cup Kolding M1 2025"]
[Site "Kolding"]
[Date "2025.05.04"]
[Round "4.2"]
[White "Chatalbashev, Boris"]
[Black "Bank, Pelle Rodkjaer"]
[Result "1-0"]
[WhiteElo "2502"]
[BlackElo "2275"]
[WhiteFideId "2900440"]
[BlackFideId "1402889"]
[EventDate "2025.05.02"]
[EventType "swiss"]
[EventRounds "5"]
[EventCountry "DEN"]
[SourceTitle "Live v. Kolding Skak"]

1. d4 e6 2. c4 b6 3. e4 Bb4+ 4. Nd2 Bb7 5. Qc2 Nf6 6. Bd3 c5 7. d5 exd5 8. exd5 O-O 9. Ne2 d6 10. O-O Nbd7 11. Nf3 Re8 12. Ng3 b5 13. b3 Bc8 14. Bg5 h6 15. Bh4 g5 16. Nxg5 hxg5 17. Bxg5 Re5 18. f4 Rxg5 19. fxg5 Ng4 20. Qc1 Nde5 21. Be2 Ng6 22. Bxg4 Bxg4 23. Ne4 Kg7 24. Qb2+ Ne5 25. Rf6 bxc4 26. Raf1 c3 27. Nxc3 Bxc3 28. Qxc3 Bh5 29. g4 Bxg4 30. Rxf7+ Kg8 31. R7f6 c4 32. bxc4 Rc8 33. R1f4 Qb6+ 34. Kg2 Bd1 35. Qh3 Qb2+ 36. Rf2 Qd4 37. Qxc8+ Kg7 1-0

[Event "Sonflow Cup Kolding M1 2025"]
[Site "Kolding"]
[Date "2025.05.04"]
[Round "4.3"]
[White "Korneev, Oleg"]
[Black "Rasmussen, Allan Stig"]
[Result "1-0"]
[WhiteElo "2470"]
[BlackElo "2506"]
[WhiteFideId "4156803"]
[BlackFideId "1406000"]
[EventDate "2025.05.02"]
[EventType "swiss"]
[EventRounds "5"]
[EventCountry "DEN"]
[SourceTitle "Live v. Kolding Skak"]

1. e4 c6 2. d4 d5 3. Nc3 dxe4 4. Nxe4 Nd7 5. Ng5 Ngf6 6. Bd3 e6 7. N1f3 Bd6 8. Qe2 h6 9. Ne4 Nxe4 10. Qxe4 Qc7 11. O-O b6 12. Qg4 Kf8 13. b3 Bb7 14. Bb2 Nf6 15. Qh3 Nd5 16. g3 Nb4 17. Be4 f5 18. Ng5 Bc8 19. Bh1 Kg8 20. Nf3 Nxc2 21. Rac1 Nb4 22. d5 exd5 23. Nd4 Bc5 24. Rcd1 Bd7 25. a3 Na6 26. Rfe1 Kh7 27. Ne6 Bxe6 28. Rxe6 Qf7 29. Rxc6 Rad8 30. Bf3 Qd7 31. Bh5 Rhf8 32. Rg6 Rg8 33. Bxg7 Rxg7 34. Rxh6+ Kg8 35. Bg6 Kf8 36. Re1 Bd4 37. Qh4 Rg8 38. Qxd4 Qd6 39. Qh4 1-0